000 00497nam a2200181 4500
001 121324
003 ES-MaACL
005 20250822063159.0
007 t|
008 070214s1980 sp r ||||1| cat d
100 1 _aPla, Josep,
_d1897-1981
_9164614
245 1 0 _aDe l'Empordanet a Barcelona (1942) /
_cJosep Pla.
250 _a1ยช ed.
260 _aBarcelona :
_bDestino,
_c1980.
300 _a211 p. ;
_c19 cm.
852 _aES-MaACL
_jC-56203
_bR.100368
999 _c121324
_d121324